[Event "The New Year Challenge, 2019 Edition"]
[Site "SchemingMind.com"]
[Date "2019.01.07"]
[Round "-"]
[White "smothered mate"]
[Black "JAHI"]
[Result "1-0"]
[WhiteCountry "POL"]
[BlackCountry "INT"]
[WhiteElo "2276"]
[WhiteRD "79"]
[BlackElo "1897"]
[BlackRD "69"]
[GameID "436607"]

1. e4 d6 2. d4 d5 3. Nc3 dxe4 4. Nxe4 Nf6 5. Bd3 Nxe4 6. Bxe4 c6 7. Nf3 Bg4 8. h3 Bxf3 9. Bxf3 e6 10. Bf4 Bd6
11. Bd2 e5 12. O-O Qc7 13. Bc3 Nd7 14. dxe5 Bxe5 15. Qd2 Bxc3 16. Qxc3 Kf8 17. Rad1 Kg8 18. Rfe1 Nf8 19. Rd5 h6 20. Rde5 Ng6
21. R5e4 Rd8 22. g3 h5 23. h4 Rf8 24. Kg2 a6 25. Qb3 Rh6 26. c3 Kh8 27. a4 f6 28. Re8 Kh7 29. Rxf8
1-0

[Event "The New Year Challenge, 2019 Edition"]
[Site "SchemingMind.com"]
[Date "2019.02.21"]
[Round "-"]
[White "smothered mate"]
[Black "Henk Miedema"]
[Result "1-0"]
[WhiteCountry "POL"]
[BlackCountry "NED"]
[WhiteElo "2229"]
[WhiteRD "85"]
[BlackElo "961"]
[BlackRD "73"]
[GameID "438509"]

1. e4 e5 2. Nf3 d6 3. Bc4 Be6 4. Bb3 Qd7 5. Nc3 Nf6 6. O-O Be7 7. d4 O-O 8. dxe5 Ne8 9. Nd5 Nc6 10. Bf4 b5
11. a4 a6 12. axb5 a5 13. bxc6 Qd8 14. c4 Qc8 15. Nxe7+ Kh8 16. Nxc8 Rxc8 17. Rxa5 f5 18. Ng5 h6 19. Nxe6 Rg8 20. exf5 Kh7
21. Qh5 dxe5 22. Qg6+ Kh8 23. Ng5 Nf6 24. Nf7#
1-0

[Event "The New Year Challenge, 2019 Edition"]
[Site "SchemingMind.com"]
[Date "2019.02.21"]
[Round "-"]
[White "Henk Miedema"]
[Black "smothered mate"]
[Result "0-1"]
[WhiteCountry "NED"]
[BlackCountry "POL"]
[WhiteElo "961"]
[WhiteRD "73"]
[BlackElo "2229"]
[BlackRD "85"]
[GameID "438510"]

1. d4 d5 2. e3 c6 3. b3 e6 4. c4 Nf6 5. Be2 Be7 6. c5 a5 7. Bd3 Nbd7 8. Nf3 O-O 9. Ba3 b6 10. b4 axb4
11. Bxb4 bxc5 12. Bxc5 Nxc5 13. Ne5 Nxd3+ 14. Qxd3 Bb4+ 15. Nc3 Ne4 16. O-O Ba6 17. Nxc6 Bxd3 18. Nxd8 Nxc3 19. Nc6 Ne2+ 20. Kh1= Bc3
21. Ne5 Bxa1 22. Rxa1 Bg6 23. Nd7 Rfc8 24. Nb6 Rxa2 25. Re1 Rc6 26. h3 Rxb6 27. Rc1 Nxc1
0-1

[Event "The New Year Challenge, 2019 Edition"]
[Site "SchemingMind.com"]
[Date "2019.02.21"]
[Round "-"]
[White "JAHI"]
[Black "Henk Miedema"]
[Result "1-0"]
[WhiteCountry "INT"]
[BlackCountry "NED"]
[WhiteElo "2133"]
[WhiteRD "80"]
[BlackElo "930"]
[BlackRD "75"]
[GameID "438511"]

1. c3 c5 2. d3 e5 3. d4 d6 4. dxc5 b5 5. Qd5 Nc6 6. Qxc6+ Bd7 7. Qa6 Qc8 8. Qxc8+ Rxc8 9. cxd6 Bxd6 10. Nf3 Nf6
11. Bg5 Be7 12. Nxe5 O-O= 13. Bxf6 Bxf6 14. Nxd7 Rfd8 15. Nxf6+ Kh8= 16. Ne4 Rc4 17. Nbd2 b4 18. Nxc4 Rb8 19. cxb4 Rxb4 20. e3 Rb5
21. Rd1 h6 22. Rd7 Rb8 23. Rxa7 Rc8 24. Ned6 f6 25. Nxc8 Kh7= 26. Bd3+ Kg8 27. Bg6
1-0

[Event "The New Year Challenge, 2019 Edition"]
[Site "SchemingMind.com"]
[Date "2019.02.22"]
[Round "-"]
[White "Henk Miedema"]
[Black "JAHI"]
[Result "0-1"]
[WhiteCountry "NED"]
[BlackCountry "INT"]
[WhiteElo "961"]
[WhiteRD "73"]
[BlackElo "2157"]
[BlackRD "82"]
[GameID "438512"]

1. d4 f6 2. e4 d6 3. Nc3 e6 4. d5 exd5 5. Qf3 dxe4 6. Nxe4 Nc6 7. Bc4 Ne5 8. Qe2 d5 9. Nc3 dxc4 10. Nf3 Bg4
11. Qe4 Qe7 12. Nh4 f5 13. Qxb7 Nd3+ 14. Kf1 Qe1#
0-1

[Event "The New Year Challenge, 2019 Edition"]
[Site "SchemingMind.com"]
[Date "2019.04.08"]
[Round "-"]
[White "smothered mate"]
[Black "John C. Walton"]
[Result "1/2-1/2"]
[WhiteCountry "POL"]
[BlackCountry "USA"]
[WhiteElo "2276"]
[WhiteRD "79"]
[BlackElo "2279"]
[BlackRD "100"]
[GameID "440019"]

1. e4 e5 2. Nf3 Nc6 3. Bb5 a6 4. Ba4 Nf6 5. O-O Nxe4 6. Re1 Nc5 7. Bxc6 dxc6 8. d4 Ne6 9. Nxe5 Be7 10. c3 O-O
11. Be3 f6 12. Nd3 Re8 13. Nd2 a5 14. a4 b6 15. Qb3 Bf8 16. h3 Qd7 17. Rad1 Ba6 18. Nf3 Qf7 19. c4 g5 20. Qc3 Ng7
21. Nd2 Nf5 22. b3 Rad8 23. Nf1 Bb7 24. f3 Re7 25. Nf2 Red7=
1/2-1/2

[Event "The New Year Challenge, 2019 Edition"]
[Site "SchemingMind.com"]
[Date "2019.04.08"]
[Round "-"]
[White "John C. Walton"]
[Black "smothered mate"]
[Result "1-0"]
[WhiteCountry "USA"]
[BlackCountry "POL"]
[WhiteElo "2279"]
[WhiteRD "100"]
[BlackElo "2276"]
[BlackRD "79"]
[GameID "440020"]

1. d4 Nf6 2. c4 c5 3. d5 b5 4. cxb5 a6 5. bxa6 g6 6. Nc3 Bg7 7. e4 Bxa6 8. Bxa6 Nxa6 9. e5 Ng8 10. Nf3 d6
11. O-O dxe5 12. Re1 f6 13. Qa4+ Kf8 14. Qc4 Nh6 15. Bxh6 Bxh6 16. Rad1 Kg7 17. d6 exd6 18. Ne4 Qg8 19. Qe2 Qxa2 20. Ra1 Qd5
21. Red1 Qb3 22. Rxd6 Rhd8 23. Rxd8 Rxd8 24. Qxa6 Rd1+ 25. Ne1 Rxa1 26. Qxa1 Qb4 27. Qa7+
1-0

[Event "The New Year Challenge, 2019 Edition"]
[Site "SchemingMind.com"]
[Date "2019.04.08"]
[Round "-"]
[White "JAHI"]
[Black "John C. Walton"]
[Result "0-1"]
[WhiteCountry "INT"]
[BlackCountry "USA"]
[WhiteElo "1975"]
[WhiteRD "72"]
[BlackElo "2183"]
[BlackRD "120"]
[GameID "440021"]

1. c3 Nf6 2. d3 d5 3. Bg5 e5 4. g3 Be6 5. Bg2 Nbd7 6. Nd2 h6 7. Bxf6 Nxf6 8. c4 c6 9. cxd5 cxd5 10. e3 Qb6
11. Qe2 Bg4 12. f3 Bd7 13. Rc1 Bd6 14. Nh3 O-O 15. Nb3 Bb4+ 16. Kf2 e4 17. dxe4 dxe4 18. Nf4 g5 19. Rhg1 Rfe8 20. Nd4 gxf4
21. gxf4 Kh8 22. fxe4 Ng4+ 23. Kf3 Qg6 24. Qc4 Qxe4+
0-1

[Event "The New Year Challenge, 2019 Edition"]
[Site "SchemingMind.com"]
[Date "2019.04.08"]
[Round "-"]
[White "John C. Walton"]
[Black "JAHI"]
[Result "1-0"]
[WhiteCountry "USA"]
[BlackCountry "INT"]
[WhiteElo "2302"]
[WhiteRD "99"]
[BlackElo "1890"]
[BlackRD "70"]
[GameID "440022"]

1. d4 d6 2. e4 c6 3. Nc3 c5 4. dxc5 dxc5 5. Qxd8+ Kxd8 6. Bf4 Bd7 7. O-O-O Nc6 8. Nf3 e6 9. Bb5 Ke8 10. Rxd7 Kxd7
11. Ne5+ Ke7 12. Bxc6 bxc6 13. Nxc6+ Kd7 14. Ne5+ Ke8 15. Nb5 Rc8 16. Nxa7 Rd8 17. Nb5 Be7 18. a4 Nf6 19. f3 Kf8 20. Rd1 Ra8
21. b3 Nh5 22. Be3 h6 23. Rd7 Bg5 24. Bxg5 hxg5 25. Nc7 Rc8 26. Nxf7 Nf6 27. Nxe6+ Kg8 28. Re7 Rxh2 29. Nd6 Rc6 30. Rxg7+
1-0

[Event "The New Year Challenge, 2019 Edition"]
[Site "SchemingMind.com"]
[Date "2019.04.08"]
[Round "-"]
[White "Henk Miedema"]
[Black "John C. Walton"]
[Result "0-1"]
[WhiteCountry "NED"]
[BlackCountry "USA"]
[WhiteElo "930"]
[WhiteRD "75"]
[BlackElo "1548"]
[BlackRD "304"]
[GameID "440023"]

1. d4 Nf6 2. e3 d5 3. Nf3 e6 4. Bd3 c5 5. Ne5 Nc6 6. Nc3 cxd4 7. Nb5 Nxe5 8. Nxd4 Nxd3+ 9. Qxd3 Bd7 10. Qb3 e5
11. Nf3 Bd6 12. Qxb7 Rb8 13. Qxa7 Qc8 14. Qa3 Bxa3 15. Rb1 Bb5 16. Nxe5 Qxc2 17. Ra1 Qe2#
0-1

[Event "The New Year Challenge, 2019 Edition"]
[Site "SchemingMind.com"]
[Date "2019.05.12"]
[Round "-"]
[White "smothered mate"]
[Black "Mihir Chandrashekhar"]
[Result "1-0"]
[WhiteCountry "POL"]
[BlackCountry "IND"]
[WhiteElo "2276"]
[WhiteRD "79"]
[BlackElo "1997"]
[BlackRD "54"]
[GameID "441113"]

1. e4 c5 2. Nf3 Nc6 3. c3 e6 4. d4 d5 5. e5 Qb6 6. Be2 Nh6 7. Bxh6 gxh6 8. Qd2 Bd7 9. O-O O-O-O 10. Na3 Kb8
11. Nc2 Rc8 12. Rfc1 Bg7 13. b4 c4 14. Ne3 Rcg8 15. Ng4 h5 16. Nf6 Bxf6 17. exf6 Rg6 18. b5
1-0

[Event "The New Year Challenge, 2019 Edition"]
[Site "SchemingMind.com"]
[Date "2019.05.14"]
[Round "-"]
[White "JAHI"]
[Black "Mihir Chandrashekhar"]
[Result "0-1"]
[WhiteCountry "INT"]
[BlackCountry "IND"]
[WhiteElo "1890"]
[WhiteRD "70"]
[BlackElo "1994"]
[BlackRD "58"]
[GameID "441115"]

1. c3 b6 2. d3 Bb7 3. c4 Nf6 4. Bg5 e6 5. Nc3 Be7 6. Bxf6 Bxf6 7. Rc1 O-O 8. h3 c5 9. e3 d5 10. h4 Nc6
11. h5 dxc4 12. dxc4 Qxd1+ 13. Nxd1 Rfd8 14. h6 g6 15. Nh3 Nb4 16. a3 Nd3+ 17. Bxd3 Rxd3 18. f3 Rad8 19. Nhf2 Rd2 20. b3 Bb2
21. Rb1 Bxa3 22. e4 Bb4 23. Kf1 f5 24. Ne3 Ra2 25. Rd1 Rxd1+ 26. Nexd1 Ra3
0-1

[Event "The New Year Challenge, 2019 Edition"]
[Site "SchemingMind.com"]
[Date "2019.05.14"]
[Round "-"]
[White "Mihir Chandrashekhar"]
[Black "JAHI"]
[Result "1-0"]
[WhiteCountry "IND"]
[BlackCountry "INT"]
[WhiteElo "1997"]
[WhiteRD "54"]
[BlackElo "1897"]
[BlackRD "69"]
[GameID "441116"]

1. c4 d6 2. d4 d5 3. Nc3 dxc4 4. e4 Nc6 5. Nf3 Bg4 6. Bxc4 Bxf3 7. Qxf3 e6 8. d5 Ne5 9. Bb5+ c6 10. Qg3 cxb5
11. Qxe5 Qd7 12. dxe6 Qxe6 13. Qxb5+ Qc6 14. Be3 a6 15. Qxc6+ bxc6 16. O-O-O Bb4 17. Kc2 Bxc3 18. Kxc3 Ne7 19. f3 a5 20. Rd3 a4
21. Rhd1 a3 22. bxa3 f6 23. Bc5 Kf7 24. Rd7 Rhe8 25. Rb7
1-0

[Event "The New Year Challenge, 2019 Edition"]
[Site "SchemingMind.com"]
[Date "2019.05.12"]
[Round "-"]
[White "Henk Miedema"]
[Black "Mihir Chandrashekhar"]
[Result "0-1"]
[WhiteCountry "NED"]
[BlackCountry "IND"]
[WhiteElo "898"]
[WhiteRD "74"]
[BlackElo "1850"]
[BlackRD "67"]
[GameID "441117"]

1. d4 d5 2. e3 Bf5 3. Na3 e6 4. Bd2 Nf6 5. Nf3 Nbd7 6. Bb5 c6 7. Be2 Bxa3 8. b3 Ne4 9. O-O O-O 10. Qe1 Bd6
11. c4 Nxd2 12. Nxd2 Qh4 13. f4 Qxe1 14. Raxe1 h6 15. Bf3 Nf6 16. Be2 Ne4 17. Rc1 Nxd2 18. Rfe1 Ne4 19. a3 Bxa3 20. Ra1 Bb4
21. Rec1 Bd2 22. Rc2 Bxe3+ 23. Kh1 Nf2+ 24. Kg1 Bxc2 25. Ra3 Nh3+ 26. Kf1 Nxf4 27. g3 Nxe2 28. Kxe2 Bxd4 29. Kd2 Bxb3 30. Rxb3 b6
0-1

[Event "The New Year Challenge, 2019 Edition"]
[Site "SchemingMind.com"]
[Date "2019.05.12"]
[Round "-"]
[White "Mihir Chandrashekhar"]
[Black "Henk Miedema"]
[Result "1-0"]
[WhiteCountry "IND"]
[BlackCountry "NED"]
[WhiteElo "1850"]
[WhiteRD "67"]
[BlackElo "898"]
[BlackRD "74"]
[GameID "441118"]

1. d4 d5 2. c4 e6 3. Nc3 c5 4. cxd5 Bd6 5. dxe6 Bxe6 6. dxc5 Nd7 7. cxd6 Ne5 8. e4 Qb6 9. Bb5+ Bd7 10. Be3 Qxd6
11. Qxd6 Ng4 12. Qxd7+ Kf8 13. Bc5+ Ne7 14. Bxe7+ Kg8 15. Qxg4 g6 16. Bf6 a6 17. Qh4 axb5 18. Qh6
1-0

[Event "The New Year Challenge, 2019 Edition"]
[Site "SchemingMind.com"]
[Date "2019.05.12"]
[Round "-"]
[White "John C. Walton"]
[Black "Mihir Chandrashekhar"]
[Result "1-0"]
[WhiteCountry "USA"]
[BlackCountry "IND"]
[WhiteElo "1959"]
[WhiteRD "187"]
[BlackElo "1854"]
[BlackRD "54"]
[GameID "441119"]

1. d4 Nf6 2. c4 e6 3. g3 d5 4. Nf3 Be7 5. Bg2 c6 6. O-O O-O 7. Qc2 Nbd7 8. Nbd2 b6 9. e4 Bb7 10. e5 Ne8
11. cxd5 cxd5 12. Re1 Rc8 13. Qa4 a5 14. Nf1 Rc4 15. Qd1 Nb8 16. h4 b5 17. Ne3 Rc8 18. h5 Qb6 19. h6 g6 20. Ng4 f5
21. exf6 Nxf6 22. Bg5 Qd8 23. Rxe6
1-0

[Event "The New Year Challenge, 2019 Edition"]
[Site "SchemingMind.com"]
[Date "2019.05.12"]
[Round "-"]
[White "Mihir Chandrashekhar"]
[Black "John C. Walton"]
[Result "0-1"]
[WhiteCountry "IND"]
[BlackCountry "USA"]
[WhiteElo "1854"]
[WhiteRD "54"]
[BlackElo "1959"]
[BlackRD "187"]
[GameID "441120"]

1. Nf3 Nf6 2. d4 g6 3. c4 Bg7 4. Nc3 d5 5. cxd5 Nxd5 6. e4 Nxc3 7. bxc3 c5 8. Rb1 O-O 9. Be2 cxd4 10. cxd4 Qa5+
11. Qd2 Qxd2+ 12. Bxd2 b6 13. O-O Bb7 14. Bd3 e6 15. a4 Nc6 16. a5 Nxd4 17. axb6 Nxf3+ 18. gxf3 Rfd8 19. bxa7 Rxd3 20. Rxb7 Rxd2
21. Rb8+ Rd8 22. Rfb1 Be5
0-1

[Event "The New Year Challenge, 2019 Edition"]
[Site "SchemingMind.com"]
[Date "2019.05.17"]
[Round "-"]
[White "smothered mate"]
[Black "krzysztof"]
[Result "1-0"]
[WhiteCountry "POL"]
[BlackCountry "POL"]
[WhiteElo "2276"]
[WhiteRD "79"]
[BlackElo "1555"]
[BlackRD "72"]
[GameID "441207"]

1. d4 d6 2. g3 h5 3. Nf3 Bg4 4. Bg2 Nh6 5. h3 Bf5 6. Nc3 e6 7. e4 Bg6 8. g4 h4 9. Be3 f5 10. exf5 exf5
11. Qe2 Be7 12. Nxh4 Bh7 13. Bxh6 gxh6 14. gxf5 O-O 15. Qg4+ Bg5 16. f4 Bxf5 17. Nxf5 Re8+ 18. Kf1 Nd7 19. Bd5+ Kh7 20. fxg5 Qxg5
21. Qxg5 hxg5 22. Rg1 Rg8 23. Bxg8+ Rxg8 24. Re1 Rf8 25. Rxg5 Rf7 26. Kg1 Nf8 27. Kh1 Ng6 28. Reg1 Nf4 29. Nd5 Nxh3 30. Rh5#
1-0

[Event "The New Year Challenge, 2019 Edition"]
[Site "SchemingMind.com"]
[Date "2019.05.16"]
[Round "-"]
[White "krzysztof"]
[Black "smothered mate"]
[Result "0-1"]
[WhiteCountry "POL"]
[BlackCountry "POL"]
[WhiteElo "1562"]
[WhiteRD "74"]
[BlackElo "2212"]
[BlackRD "79"]
[GameID "441208"]

1. Nc3 e6 2. d4 f5 3. Nf3 Nf6 4. Bg5 Be7 5. Bf4 d6 6. h3 O-O 7. e3 Nbd7 8. Bd3 h6 9. Rg1 g5 10. Bh2 c5
11. g4 fxg4 12. hxg4 cxd4 13. Nxd4 Ne5 14. Be2 Bd7 15. f3 Qb6 16. Rb1 Rac8 17. Rh1 Kg7 18. f4 Nexg4 19. fxg5 Nxe3 20. gxh6+ Kh8
21. Qd3 Rxc3 22. Qg6 Rg8 23. Qf7 Qxd4 24. Rg1 Nxc2+ 25. Kf1 Rf3+ 26. Bxf3 Qd3+ 27. Be2 Qh3+ 28. Kf2 Ne4#
0-1

[Event "The New Year Challenge, 2019 Edition"]
[Site "SchemingMind.com"]
[Date "2019.05.14"]
[Round "-"]
[White "krzysztof"]
[Black "JAHI"]
[Result "1-0"]
[WhiteCountry "POL"]
[BlackCountry "INT"]
[WhiteElo "1605"]
[WhiteRD "79"]
[BlackElo "1932"]
[BlackRD "67"]
[GameID "441209"]

1. h4 d6 2. e3 e6 3. b3 Be7 4. h5 g6 5. hxg6 fxg6 6. Bd3 Bf6 7. Nc3 Bxc3 8. dxc3 Qf6 9. Bb2 Ne7 10. Rb1 e5
11. c4 Na6 12. Ba3 Bd7 13. Be4 Bc6 14. Bf3 Bxf3 15. Nxf3 Kd7 16. c5 Rae8 17. cxd6 cxd6 18. b4 Nc7 19. c4 Kc8 20. Qa4 Kb8
21. b5 Nc8 22. c5 dxc5 23. Bxc5 b6 24. Ba3 Nd6 25. Bxd6 Qxd6 26. O-O h6 27. Rfc1 Ne6 28. Rc6 Nc5 29. Qc2 Qe7 30. a4 g5
31. a5 g4 32. Nh2 g3 33. fxg3 Qg5 34. Nf1 Nd7 35. axb6 Nxb6 36. Qc5 Qd8 37. Rc1 Rh7 38. Qd6+ Qxd6 39. Rxd6 Nc8 40. Rg6 h5
41. Rcc6 h4 42. g4 Rb7 43. Rc5 Nb6 44. Nd2 Na4 45. Rc4 Nb6 46. Rcc6 Nd5 47. Rce6 Rxe6 48. Rxe6 Nxe3 49. Rxe5 Nxg4 50. Rh5 Nf6
51. Rf5 Rb6 52. Nf3 a6 53. bxa6 Rxa6 54. Nxh4 Nd7 55. Rd5 Ra1+ 56. Kh2 Kc8 57. Nf3 Ra2 58. Ng5 Re2 59. Rd6 Kd8 60. Rh6 Nc5
61. Rf6 Ke7 62. Rf3 Re5 63. Nh3 Kd6= 64. g4 Ne4 65. Nf2 Nc5 66. Kg3 Kc6 67. Nd3 Nxd3 68. Rxd3 Rb5 69. Kh4 Rb4 70. Kh5 Rb2
71. g5 Rh2+ 72. Kg6 Rb2 73. Rf3 Rd2 74. Rf6+ Kc5 75. Kg7 Kd5 76. g6 Ke5 77. Rf7 Rg2 78. Rf6 Rd2 79. Rf7 Rg2 80. Rf1 Ke6
81. Kh7 Rh2+ 82. Kg8 Ra2 83. g7 Rd2 84. Rf7 Rd8+ 85. Rf8 Rd2 86. Rf3 Ra2 87. Rh3 Ra8+ 88. Kh7 Ke7 89. g8=Q Rxg8 90. Kxg8 Ke8
91. Rh7 Kd8 92. Ra7 Ke8 93. Kg7 Kd8 94. Kf6 Kc8 95. Ke6 Kb8 96. Rh7 Kc8 97. Kd6 Kb8 98. Kc6 Ka8 99. Kb6 Kb8 100. Rh8#
1-0

[Event "The New Year Challenge, 2019 Edition"]
[Site "SchemingMind.com"]
[Date "2019.05.15"]
[Round "-"]
[White "JAHI"]
[Black "krzysztof"]
[Result "1-0"]
[WhiteCountry "INT"]
[BlackCountry "POL"]
[WhiteElo "1975"]
[WhiteRD "72"]
[BlackElo "1589"]
[BlackRD "72"]
[GameID "441210"]

1. c3 Nc6 2. g3 h5 3. Bg2 e6 4. Bxc6 bxc6 5. d3 h4 6. gxh4 Be7 7. d4 Bxh4 8. Nf3 Bf6 9. Bf4 Bb7 10. Nbd2 d6
11. e3 Bh4 12. Nxh4 Qxh4 13. Nf3 Qh3 14. Rg1 c5 15. Ng5 Qf5 16. Qe2 Nf6 17. Qb5+ Ke7 18. Qxb7 Rhc8 19. dxc5 d5 20. Bxc7 Nd7
21. Bd6+ Kf6 22. Qxd7 Rf8 23. Qe7+ Kg6 24. Nxe6+ Kh6 25. Qh4+ Qh5 26. Bf4+ g5 27. Bxg5+ Kg6 28. Nf4+ Kf5 29. Nxh5 Ke6 30. Qh3+ Ke5
31. Bf6+ Ke4 32. Rg4+ Kd3 33. Rd4+ Kc2 34. Rd2#
1-0

[Event "The New Year Challenge, 2019 Edition"]
[Site "SchemingMind.com"]
[Date "2019.05.15"]
[Round "-"]
[White "krzysztof"]
[Black "Henk Miedema"]
[Result "1-0"]
[WhiteCountry "POL"]
[BlackCountry "NED"]
[WhiteElo "1577"]
[WhiteRD "74"]
[BlackElo "888"]
[BlackRD "76"]
[GameID "441211"]

1. Nc3 d5 2. d4 Nc6 3. Bf4 Be6 4. Nb5 Bd7 5. e3 e6 6. h3 Nce7 7. c4 a6 8. Nc3 f6 9. c5 Ng6 10. Bh2 c6
11. b4 Be7 12. a4 b6 13. Nf3 Nh6 14. Bd3 O-O 15. Bxg6 Be8 16. Bc2 Nf5 17. Rg1 Nh6 18. Qd3 a5 19. b5 e5 20. Qxh7+ Kf7
21. dxe5 bxc5 22. Bg6+ Ke6 23. Bf5+ Kf7 24. Qg6+ Kg8 25. Qh7+ Kf7 26. e6#
1-0

[Event "The New Year Challenge, 2019 Edition"]
[Site "SchemingMind.com"]
[Date "2019.05.15"]
[Round "-"]
[White "Henk Miedema"]
[Black "krzysztof"]
[Result "0-1"]
[WhiteCountry "NED"]
[BlackCountry "POL"]
[WhiteElo "888"]
[WhiteRD "76"]
[BlackElo "1577"]
[BlackRD "74"]
[GameID "441212"]

1. d4 d6 2. b3 g6 3. e4 Bg7 4. Nf3 Na6 5. e5 dxe5 6. Bb5+ c6 7. Bc4 e4 8. Ng5 e6 9. Nxe4 Nf6 10. Ba3 Nxe4
11. O-O Bd7 12. Bxa6 bxa6 13. Qe1 f5 14. Qe3 e5 15. Qd3 Qa5 16. Bb2 Rd8 17. a3= O-O 18. Nc3 Bc8 19. Ne2 Be6 20. b4 Qb6
21. Qd1 exd4 22. Bxd4 Bxd4 23. Nxd4 Rxd4 24. Qb1 Rd2 25. Qb2 Rxf2 26. a4 Rxc2+ 27. Kh1 Rxb2 28. Rab1 Qxb4 29. Rbc1 Bd5 30. Ra1 Qd2
31. h3 Qxg2#
0-1

[Event "The New Year Challenge, 2019 Edition"]
[Site "SchemingMind.com"]
[Date "2019.05.15"]
[Round "-"]
[White "krzysztof"]
[Black "John C. Walton"]
[Result "0-1"]
[WhiteCountry "POL"]
[BlackCountry "USA"]
[WhiteElo "1577"]
[WhiteRD "74"]
[BlackElo "1959"]
[BlackRD "187"]
[GameID "441213"]

1. b3 e5 2. Bb2 Nc6 3. e4 Nf6 4. Nc3 Bc5 5. h3 d5 6. exd5 Nxd5 7. Bc4 Be6 8. Nge2 Qh4 9. Ne4 Qxe4 10. d3 Qxg2
11. Kd2 Bxf2 12. Bxd5 Qg5+ 13. Kc3 Bd4+ 14. Kc4 Qe7 15. Nxd4 Qb4#
0-1

[Event "The New Year Challenge, 2019 Edition"]
[Site "SchemingMind.com"]
[Date "2019.05.14"]
[Round "-"]
[White "John C. Walton"]
[Black "krzysztof"]
[Result "1-0"]
[WhiteCountry "USA"]
[BlackCountry "POL"]
[WhiteElo "2081"]
[WhiteRD "141"]
[BlackElo "1585"]
[BlackRD "74"]
[GameID "441214"]

1. d4 d5 2. c4 c6 3. Nf3 Bf5 4. Nc3 e6 5. Qb3 Qb6 6. c5 Qxb3 7. axb3 h6 8. h4 Nf6 9. Bf4 Ne4 10. Bxb8 Rxb8
11. Rxa7 f6 12. Nd2 Nxc3 13. bxc3 e5 14. f3 h5 15. e4 Be6 16. exd5 Bxd5 17. b4 Be7 18. Bc4 Bxc4 19. Nxc4 exd4 20. cxd4 f5
21. Kd2 Kf7 22. Ne5+ Ke6 23. Nxc6 Rbc8 24. Re1+ Kd7 25. Rxe7+ Kxc6 26. Kd3 Rc7 27. b5+ Kxb5 28. Rxc7 Rb8 29. Ra1 b6 30. Rb1+ Ka6
31. Kc4 b5+ 32. Kb4 Rb7 33. Ra1#
1-0

[Event "The New Year Challenge, 2019 Edition"]
[Site "SchemingMind.com"]
[Date "2019.05.15"]
[Round "-"]
[White "krzysztof"]
[Black "Mihir Chandrashekhar"]
[Result "0-1"]
[WhiteCountry "POL"]
[BlackCountry "IND"]
[WhiteElo "1577"]
[WhiteRD "74"]
[BlackElo "1854"]
[BlackRD "54"]
[GameID "441215"]

1. Nf3 d5 2. d4 Nf6 3. Nc3 Bf5 4. h3 h6 5. Bf4 e6 6. Be5 Nbd7 7. e3 Bb4 8. Bb5 c6 9. Bd3 Ne4 10. Bxe4 dxe4
11. Nd2 Nxe5 12. dxe5 Bxc3 13. bxc3 Qd5 14. O-O Rd8 15. Nb3 Qxe5 16. Qh5 g6 17. Qe2 g5 18. Nd4 c5 19. Nxf5 exf5 20. Rfd1 O-O
21. Qh5 Kg7 22. h4 Qf6 23. c4 Qg6 24. Qxg6+ Kxg6 25. hxg5 hxg5 26. Rd5 Rxd5 27. cxd5 c4 28. Rb1 b6 29. Rd1 Rd8 30. c3 Kf6
31. f3 Ke5 32. d6 Rxd6 33. Rxd6 Kxd6 34. fxe4 fxe4 35. Kh2 b5 36. Kg3 b4 37. cxb4 c3 38. Kf2 c2 39. Ke1 c1=Q+
0-1

[Event "The New Year Challenge, 2019 Edition"]
[Site "SchemingMind.com"]
[Date "2019.05.15"]
[Round "-"]
[White "Mihir Chandrashekhar"]
[Black "krzysztof"]
[Result "0-1"]
[WhiteCountry "IND"]
[BlackCountry "POL"]
[WhiteElo "1850"]
[WhiteRD "67"]
[BlackElo "1603"]
[BlackRD "70"]
[GameID "441216"]

1. d4 d6 2. e4 c6 3. Nf3 Bg4 4. Be3 g6 5. Nbd2 Bg7 6. h3 Be6 7. Ng5 Qd7 8. c4 h6 9. Ngf3 f6 10. Qc2 Na6
11. a3 Nc7 12. Bd3 f5 13. d5 cxd5 14. cxd5 Bf7 15. exf5 g5 16. Nd4 Bxd5 17. Bb5 Nxb5
0-1

[Event "The New Year Challenge, 2019 Edition"]
[Site "SchemingMind.com"]
[Date "2019.05.18"]
[Round "-"]
[White "Derek Price"]
[Black "krzysztof"]
[Result "1-0"]
[WhiteCountry "ENG"]
[BlackCountry "POL"]
[WhiteElo "2278"]
[WhiteRD "76"]
[BlackElo "1577"]
[BlackRD "74"]
[GameID "441339"]

1. c4 c6 2. g3 f5 3. Nf3 Nf6 4. Bg2 d6 5. d4 Be6 6. b3 Nbd7 7. Nc3 Qa5 8. Bd2 Qc7 9. O-O h6 10. d5 cxd5
11. Nd4 Bf7 12. cxd5 g6 13. Rc1 Qd8 14. Ncb5 Rc8 15. Ba5 b6 16. Nc6 Rxc6 17. dxc6 bxa5 18. c7 Qxc7 19. Nxc7+ Kd8 20. Qd2 e5
21. Qxa5 Ke7 22. Rfd1 Bg7 23. Rxd6 Bd5 24. Nxd5+ Nxd5 25. Qxd5 Bf6 26. Rxd7+ Kf8 27. Qf7#
1-0

[Event "The New Year Challenge, 2019 Edition"]
[Site "SchemingMind.com"]
[Date "2019.05.18"]
[Round "-"]
[White "krzysztof"]
[Black "Derek Price"]
[Result "0-1"]
[WhiteCountry "POL"]
[BlackCountry "ENG"]
[WhiteElo "1577"]
[WhiteRD "74"]
[BlackElo "2278"]
[BlackRD "76"]
[GameID "441340"]

1. b3 e5 2. Bb2 Nc6 3. e3 d6 4. Bb5 Bd7 5. Bd3 Nf6 6. h3 Be7 7. Nc3 O-O 8. Ne4 Nb4 9. Nxf6+ Bxf6 10. a3 Nxd3+
11. cxd3 c5 12. Nf3 Be6 13. g4 e4 14. Bxf6 Qxf6 15. dxe4 Bxb3 16. Qb1 Qxf3 17. Rf1 c4 18. e5 dxe5 19. Qf5 Qd5 20. Qb1 Rad8
21. Qb2 Qf3 22. Qc3 Rd3 23. Qxd3 cxd3 24. Rb1 Qe2#
0-1

[Event "The New Year Challenge, 2019 Edition"]
[Site "SchemingMind.com"]
[Date "2019.05.18"]
[Round "-"]
[White "Derek Price"]
[Black "JAHI"]
[Result "1-0"]
[WhiteCountry "ENG"]
[BlackCountry "INT"]
[WhiteElo "2301"]
[WhiteRD "75"]
[BlackElo "1897"]
[BlackRD "69"]
[GameID "441341"]

1. c4 d6 2. d4 d5 3. Nf3 dxc4 4. Qa4+ c6 5. Qxc4 e6 6. e4 Na6 7. a3 h6 8. Nc3 Qa5 9. Be2 Bb4 10. axb4 Qxa1
11. O-O h5 12. Qb3 h4 13. Bf4 Qxf1+ 14. Bxf1 h3 15. g3 Ne7 16. b5 Nb8 17. Ng5 Nd7 18. bxc6 Nxc6 19. Nxe6 fxe6 20. Qxe6+
1-0

[Event "The New Year Challenge, 2019 Edition"]
[Site "SchemingMind.com"]
[Date "2019.05.18"]
[Round "-"]
[White "JAHI"]
[Black "Derek Price"]
[Result "0-1"]
[WhiteCountry "INT"]
[BlackCountry "ENG"]
[WhiteElo "1975"]
[WhiteRD "72"]
[BlackElo "2282"]
[BlackRD "77"]
[GameID "441342"]

1. c3 Nf6 2. d3 g6 3. Bg5 Bg7 4. Bxf6 Bxf6 5. g3 d5 6. Bg2 O-O 7. h3 c5 8. h4 Nc6 9. h5 Rb8 10. h6 b5
11. e3 b4 12. Qe2 Qa5 13. d4 bxc3 14. Nxc3 cxd4 15. exd4 Nxd4 16. Qd2 Nc2+ 17. Qxc2 Rxb2
0-1